000 00712nam a2200241Ia 4500
003 OSt
005 20220923223911.0
006 a|||||r|||| 00| 0
007 ta
008 220922b |||||||| |||| 00| 0 hin d
024 _a223,081
037 _cTextual
040 _aARTS
_cARTS
_bhin
041 _2hin
_ahin
082 _aO152,1N178x, P4
100 _aन्निलोचन
_9156277
245 0 _aजीने की कला
246 _aJīne kī kalā
260 _aनयी दिल्ली
_b किताबघर प्रकाशन
_c2004
300 _a80पृ.
_ccm.
942 _hO152,1N178x, P4
_cTEXL
_2CC
999 _c368097
_d368097